banner koha

Frutos dos cerrados: preservacao gera muitos frutos (Registro n. 167410)

MARC details
000 -LÍDER
campo de controle de tamanho fixo 00907nas a2200337 4500
001 - NÚMERO DE CONTROLE
campo de controle BR0104144
003 - IDENTIFICADOR DO NÚMERO DE CONTROLE
campo de controle BR-BrBNA
005 - DATA E HORÁRIO DA ÚLTIMA TRANSAÇÃO
campo de controle 20231205102414.0
007 - CAMPO FIXO DE DESCRIÇÃO FÍSICA--INFORMAÇÃO GERAL
campo de controle de tamanho fixo ta
008 - CAMPO DE DADOS FIXOS--INFORMAÇÃO GERAL
campo de controle de tamanho fixo 230509b bl.|||p| |||| 00| 00por d
040 ## - FONTE DA CATALOGAÇÃO
Instituição da catalogação original BR-BrBNA
Idioma da catalogação por
Instituição que transcreveu o registro Biblioteca Nacional de Agricultura
041 ## - CÓDIGO DE IDIOMA
Código do idioma do texto/trilha sonora ou título diferente (Pt)
072 ## - CÓDIGO DE CATEGORIA DE ASSUNTO
Código de Categoria de Assunto F50
100 1# - ENTRADA PRINCIPAL--NOME PESSOAL
Nome pessoal Avidos, M.F.D.
100 1# - ENTRADA PRINCIPAL--NOME PESSOAL
Nome pessoal Ferreira, L.T.
245 1# - TÍTULO
Título Frutos dos cerrados: preservacao gera muitos frutos
650 ## - ASSUNTO--TERMO TÓPICO
Cabeçalho tópico ou nome geográfico Pequi
650 ## - ASSUNTO--TERMO TÓPICO
Cabeçalho tópico ou nome geográfico Cumbaru
650 ## - ASSUNTO--TERMO TÓPICO
Cabeçalho tópico ou nome geográfico Araticum
650 ## - ASSUNTO--TERMO TÓPICO
Cabeçalho tópico ou nome geográfico Mangaba
650 ## - ASSUNTO--TERMO TÓPICO
Cabeçalho tópico ou nome geográfico Cagaita
650 ## - ASSUNTO--TERMO TÓPICO
Cabeçalho tópico ou nome geográfico Buriti
650 ## - ASSUNTO--TERMO TÓPICO
Cabeçalho tópico ou nome geográfico Guabiroba
650 ## - ASSUNTO--TERMO TÓPICO
Cabeçalho tópico ou nome geográfico Jatoba
650 ## - ASSUNTO--TERMO TÓPICO
Cabeçalho tópico ou nome geográfico Jenipapo
650 ## - ASSUNTO--TERMO TÓPICO
Cabeçalho tópico ou nome geográfico Macauba
650 ## - ASSUNTO--TERMO TÓPICO
Cabeçalho tópico ou nome geográfico Anatomia Vegetal
773 0# - ENTRADA ANALÍTICA
Título Biotecnologia Ciencia e Desenvolvimento (Brazil)
ISSN - International Standard Serial Number ISSN 1414-4522
Partes relacionadas (Jul-Aug 2000), v. 3(15) p. 36-41
Número de controle do registro BR0104144
909 ## -
-- 202311
-- Lúcia
-- 55
-- Lúcia Elande
942 ## - ELEMENTOS DE ENTRADA ADICIONADOS (KOHA)
Fonte da classificação ou esquema de arquivamento na estante Classificação AGRIS
Ocultar no OPAC Não
Tipo de material Koha Analítica
Exemplares
Situação do descarte Fonte da classificação ou esquema de arquivamento na estante Situação física Não pode ser emprestado Biblioteca de origem Biblioteca atual Localização na estante Enumeração do periódico / cronologia Total de empréstimos Data de último acesso Número do exemplar Tipo de material Koha Fonte de aquisição
  Classificação AGRIS   Consulta local Biblioteca Nacional de Agricultura - Binagri Biblioteca Nacional de Agricultura - Binagri   (Jul-Aug 2000), v. 3(15) p. 36-41   29/11/2023 01 Periódicos Portaria Interministerial nº 164/94

BINAGRI

Telefone: (61)3218-2567/2388/3357/2097 - binagri@agro.gov.br

Ministério da Agricultura e Pecuária , Esplanada dos Ministérios, Bloco D, Anexo B, Brasília/DF, CEP: 70.043-900